|
|
|
|
| LEADER |
01350nam a2200313 a 4500 |
| 001 |
16847179 |
| 008 |
120115r2011 caua 001 0 eng d |
| 010 |
|
|
|a 2011282761
|
| 020 |
|
|
|a 9781449388348 (pbk.)
|
| 020 |
|
|
|a 1449388345 (pbk.)
|
| 020 |
|
|
|a 9789350232941
|
| 040 |
|
|
|a UKM
|c UKM
|d BTCTA
|d OCL
|d YDXCP
|d ORX
|d MNW
|d SINLB
|d BWX
|d VP@
|d OCL
|d MIA
|d MOU
|d DLC
|d BD-DhAAL
|
| 082 |
0 |
4 |
|a 006.312
|2 22
|
| 100 |
1 |
|
|a Russell, Matthew A.
|
| 245 |
1 |
0 |
|a Mining the social web /
|c Matthew A. Russell.
|
| 246 |
1 |
4 |
|a Mining the social web :
|b analyzing data from Facebook, Twitter, LinkedIn, and other social media sites
|
| 250 |
|
|
|a 1st ed.
|
| 260 |
|
|
|a Sebastopol, CA :
|b O'Reilly ;
|a New Delhi :
|b Shroff Publishers and Distributors,
|c 2011.[Second Indian Reprint]
|
| 300 |
|
|
|a xx, 332 p. :
|b ill. ;
|c 24 cm.
|
| 500 |
|
|
|a Includes index.
|
| 541 |
1 |
|
|e 00024199
|
| 650 |
|
0 |
|a Data mining.
|
| 650 |
|
0 |
|a Online social networks.
|
| 650 |
|
7 |
|a Artificial intelligence.
|2 sears
|
| 650 |
|
7 |
|a Social networking.
|2 sears
|
| 852 |
1 |
|
|a Ayesha Abed Library
|j General shelf
|
| 856 |
4 |
2 |
|3 Online compendium
|u https://github.com/ptwobrussell/Mining-the-Social-Web
|
| 999 |
|
|
|c 11765
|d 11765
|
| 952 |
|
|
|0 0
|1 0
|4 0
|6 006_312000000000000_RUS
|7 0
|9 19160
|a BRACUL
|b BRACUL
|c GEN
|d 2012-01-15
|e Karim International
|g 948.00
|l 5
|m 71
|o 006.312 RUS
|p 3010024199
|r 2024-11-04
|s 2024-05-05
|t 1
|w 2012-01-15
|y BK
|